=LDR 00000nam 2200000 4500 =001 INLIS000000000015005 =005 20130612110302 =008 ***********************************Ind** =035 ##$$0010-061300000015005 =041 ##$$a Ind =082 ##$$a 658.31 =090 ##$$a 658.31, hat m =100 ##$$a Hatmaway, Patti =245 ##$$a Maberi Menerima Kritik, teknik-Teknik Prektis Untuk Keefektifan Hubungan, Patti Hatmaway; Alih Bahasa, F.X. Budiyanto =260 ##$$a 1991 $b Jakarta =300 ##$$a ii,69 Hlm, 23 Cm =650 ##$$a Manajemen Personalia =700 ##$$a Budiyanto =850 ##$$a NBPNMAT